000 00547nam a2200181Ia 4500
003 GCL
008 140319s9999 xx 000 0 ara d
040 _aGCL /
_cGCL
082 0 4 _a810.9
_bح ت
100 1 _aحفنى مشرف
245 1 0 _aتميم بن المعز شاعر الفاطميين /
_cحفنى مشرف
300 _a211 ص
490 _aدراسات فى الاسلام
_v0
650 0 4 _aالادباء
650 0 4 _aالشعر العربى - العصر الفاطمى
650 0 4 _aبن المعز , تميم
942 _2ddc
_cBK
999 _c40334
_d40334